000 00364nam a2200157Ia 4500
008 151213s9999 xx 000 0 und d
100 _aA. B. Sarder
245 _aWilliam Words Worth
_cA. B. Sarder
250 _a1st
260 _aDhaka
_bJ.U.C.
_c1999
300 _a4342 p.
650 _aEnglish
650 _aHistory
700 _aA. B. Sarder
999 _c2756
_d2756